书目信息 |
| 题名: |
数学分析基础
|
|
| 作者: | 王金耀 , 张效先 编 | |
| 分册: | ||
| 出版信息: | 济南 山东人民出版社 1980 |
|
| 页数: | 374页 | |
| 开本: | 19cm | |
| 丛书名: | 高等数学自学丛书 | |
| 单 册: | ||
| 中图分类: | O171 | |
| 科图分类: | ||
| 主题词: | 数学分析--自学参考资料 | |
| 电子资源: | ||
| ISBN: | ||
| 000 | 00722nam2 2200265 45 | |
| 001 | 0180004993 | |
| 005 | 20070710083733.68 | |
| 010 | @dCNY1.05 | |
| 091 | @aCN@b13099.87 | |
| 100 | @a19950706d1980 em y0chiy0121 ea | |
| 101 | 0 | @achi |
| 102 | @aCN@b370000 | |
| 105 | @ay z 000yy | |
| 200 | 10 | @a数学分析基础@Ashu xue fen xi ji chu@f张效先,王金耀编 |
| 210 | @a济南@c山东人民出版社@d1980@h1981 | |
| 215 | @a374页@d19cm | |
| 225 | 2 | @a高等数学自学丛书 |
| 410 | 0 | @120010@a高等数学自学丛书 |
| 606 | @a数学分析@x自学参考资料 | |
| 690 | @aO171@v3 | |
| 701 | 0 | @a王金耀@Awang jin yao@4编 |
| 701 | 0 | @a张效先@Azhang xiao xian@4编 |
| 801 | 2 | @aCN@bNLC@c20070710 |
| 801 | 0 | @aCN@bTSSF |
| 905 | @a10447@dO171@e138 | |
| 数学分析基础/张效先,王金耀编.-济南:山东人民出版社,1980(1981) |
| 374页;19cm.-(高等数学自学丛书) |
| ISBN :CNY1.05 |
| ● |
| 相关链接 |
|
|
|
|
正题名:数学分析基础
索取号:O171/138
 
预约/预借
| 序号 | 登录号 | 条形码 | 馆藏地/架位号 | 状态 | 备注 |
| 1 | 0765845 | 207658453 | 第二样本阅览室/ [索取号:O171/138] | 在馆 |